Implementácia znalostného manažmentu a návrh na jeho zlepšenie vo vybranom podniku bakalárska práca

Gespeichert in:
Bibliographische Detailangaben
1. Verfasser: Strempek, Peter
Körperschaft: Fakulta podnikového manažmentu EU. Katedra manažmentu
Weitere Verfasser: Beňová, Martina
Format: Buch
Sprache:Slowakisch
Veröffentlicht: Bratislava 2017
Tags: Tag hinzufügen
Keine Tags, Fügen Sie das erste Tag hinzu!

MARC

LEADER 00000nbm a2200000 4500
001 0232400
005 20171215125735.8
041 0 |a slo 
044 |a SK 
245 1 0 |a Implementácia znalostného manažmentu a návrh na jeho zlepšenie vo vybranom podniku  |b bakalárska práca  |c Peter Strempek ; školiteľ: Martina Beňová 
264 1 |a Bratislava  |c 2017 
300 |a 47 s. 
100 1 |a Strempek, Peter 
700 1 |a Beňová, Martina 
710 2 |a Fakulta podnikového manažmentu EU. Katedra manažmentu